000 00652cam a22002293a 4500
001 24217
003 PGUSA
005 20140828083522.0
008 080107s2008||||xxu|||||s|||||000 1 eng d
040 _aPGUSA
_beng
042 _adc
050 4 _aPQ
100 1 _aBalzac, Honoré de,
_d1799-1850
245 1 0 _aLa Maison du Chat-qui-pelote
_h[electronic resource] /
_cHonoré de Balzac
260 _bProject Gutenberg,
_c2008
506 _aPublic domain in the USA.
516 _aElectronic text
653 _aFrench fiction -- 19th century
830 0 _aProject Gutenberg
_v24217
856 4 0 _uhttp://www.gutenberg.org/ebooks/24217
942 _cEB
999 _c253472
_d253472